00292nam a2200109 a 4500008004100000050001500041100002300056245004500079260002800124300002100152350000900173120416s1971 ||||||||||||||||| || u aT 60.2 Whi aWhitmore, Dennis A10aMeasurement and control of indirect work aLondonbHeinemannc1971 axii, 275p. : ill a0.00